000
00312 a2200121 4500
001
147109
040
_c
Escola São Tomás de Aquino
100
_a
BRANCO, Samuel Murgel
240
1
0
_a
O saci e a reciclagem do lixo
_l
por
245
1
0
_a
O saci e a reciclagem do lixo
697
_a
*LITERATURA INFANTO
942
_c
BK
999
_c
147109
_d
147109